000 00515nam a2200169 a 4500
008 960906s1955 m yxo 0 slo c
040 _aSNK
_bslo
_cSNK
_eAACR2
041 1 _aslo
044 _axo
_cSK
100 1 _aZavarský, Ernest
_4aut
245 1 0 _aJán Levoslav Bella
_bŽivot a dielo (J.L.B. Leben und Werk
_cErnest Zavarsky
260 _aBratislava
_bVydavateľstvo SAV
_c1955
300 _a497 s.
500 _aRec.: Schlandt, Hermann. Südost-Forschungen. Bd. 16/1. S. 199-200
020 _c94
958 _aA
999 _c15195
_d15195